| 000 | 01237nmc a2200409 a 4500 | ||
|---|---|---|---|
| 003 | AR-BaBNM | ||
| 005 | 20251128203519.0 | ||
| 008 | 297019s1969 ||||||||||||||000 | spa|| | ||
| 040 | _cAR-BaBNM | ||
| 100 | 1 | _aIzzo, Alberto | |
| 245 | 1 | 0 | _aSociología del conocimiento |
| 250 | _a1ª ed. | ||
| 260 |
_aBuenos Aires _bEstrada _c1969 |
||
| 300 | 1 | _axxvii, 185 p. | |
| 490 | 0 | _aBiblioteca de ciencias de la educación | |
| 500 | 0 | _aContiene referencias bibliográficas en notas a pie de página | |
| 600 | 1 | 4 | _aGurvitch, George |
| 600 | 1 | 4 | _aMerton, Robert K. |
| 600 | 1 | 4 | _aParsons, Talcott |
| 600 | 1 | 4 | _aFromm, Erich |
| 600 | 1 | 4 |
_aSorokin, Pitirim Aleksandrovich _d1889-1968 |
| 600 | 1 | 4 |
_aWeber, Max _d1864-1920 |
| 650 | 4 | _aSOCIOLOGIA DEL CONOCIMIENTO | |
| 650 | 4 | _aFILOSOFIA DE LAS CIENCIAS | |
| 650 | 4 | _aESCUELAS FILOSOFICAS | |
| 650 | 4 | _aCIENCIAS SOCIALES | |
| 650 | 4 | _aANTROPOLOGIA CULTURAL Y SOCIAL | |
| 650 | 4 | _aFUNCIONALISMO | |
| 650 | 4 | _aMARXISMO | |
| 650 | 4 | _aINTELLIGENTSIA | |
| 700 | 1 |
_aBengoechea, Sonia _eprologuista |
|
| 700 | 1 |
_aFerrarotti, Franco _eprologuista |
|
| 700 | 1 |
_aRisso de Sperber, Elsa _etraductor |
|
| 800 | 1 |
_aZanotti, Luis Jorge _edirector |
|
| 942 | _cBK | ||
| 998 | _csilvi | ||
| 999 |
_c3723 _d3723 |
||